Tropical Forest Ecosystem Responses to Increasing Nutrient Availability (Record no. 19604)

MARC details
000 -LEADER
fixed length control field 00658nam a2200133Ia 4500
008 - FIXED-LENGTH DATA ELEMENTS--GENERAL INFORMATION
fixed length control field 220616s9999||||xx |||||||||||||| ||und||
022 ## - INTERNATIONAL STANDARD SERIAL NUMBER
International Standard Serial Number 16648714
100 ## - MAIN ENTRY--PERSONAL NAME
Personal name Dietrich Hertel||Selene Baez||Christoph Leuschner||Jurgen Homeier
245 #0 - TITLE STATEMENT
Title Tropical Forest Ecosystem Responses to Increasing Nutrient Availability
546 ## - LANGUAGE NOTE
Language note English[eng]
650 ## - SUBJECT ADDED ENTRY--TOPICAL TERM
Topical term or geographic name entry element experimental nutrient manipulation||global change||nitrogen||CO2||nutrient limitation||foliar nutrients||biogeochemical cycles||wood anatomy||phosphorus
856 ## - ELECTRONIC LOCATION AND ACCESS
Uniform Resource Identifier <a href="http://journal.frontiersin.org/researchtopic/3437/tropical-forest-ecosystem-responses-to-increasing-nutrient-availability">http://journal.frontiersin.org/researchtopic/3437/tropical-forest-ecosystem-responses-to-increasing-nutrient-availability</a>
942 ## - ADDED ENTRY ELEMENTS (KOHA)
Koha item type E-Books
Holdings
Withdrawn status Lost status Damaged status Not for loan Home library Current library Date acquired Total Checkouts Date last seen Price effective from Koha item type
        Kerala University of Digital Sciences, Innovation and Technology Knowledge Centre Kerala University of Digital Sciences, Innovation and Technology Knowledge Centre 16/06/2022   16/06/2022 16/06/2022 E-Books